<?xml version="1.0" encoding="UTF-8"?>
<record
    xmlns:xsi="http://www.w3.org/2001/XMLSchema-instance"
    xsi:schemaLocation="http://www.loc.gov/MARC21/slim http://www.loc.gov/standards/marcxml/schema/MARC21slim.xsd"
    xmlns="http://www.loc.gov/MARC21/slim">

  <leader>01399nam a2200289 i 4500</leader>
  <controlfield tag="001">bg</controlfield>
  <datafield tag="111" ind1="2" ind2=" ">
    <subfield code="a">Forum Architektury Krajobrazu</subfield>
    <subfield code="n">(3 ;</subfield>
    <subfield code="d">2000 ;</subfield>
    <subfield code="c">Warszawa).</subfield>
  </datafield>
  <datafield tag="245" ind1="0" ind2="4">
    <subfield code="a">III Forum Architektury Krajobrazu, Warszawa 4-5 grudzie&#x144; 2000 =</subfield>
    <subfield code="b">III Forum of Landscape Architecture, Warsaw 4th-5th December 2000 : nowe idee i rozw&#xF3;j dziedziny, architektury krajobrazu w Polsce : materia&#x142;y konferencyjne /</subfield>
    <subfield code="c">pod red. Przemys&#x142;awa Wolskiego ; Zak&#x142;ad Studi&#xF3;w Krajobrazowych. Katedra Architektury Krajobrazu. Wydzia&#x142; Ogrodnictwa i Architektury Krajobrazu. Szko&#x142;a G&#x142;&#xF3;wna Gospodarstwa Wiejskiego.</subfield>
  </datafield>
  <datafield tag="246" ind1="1" ind2="1">
    <subfield code="a">Forum of Landscape Architecture, 3</subfield>
  </datafield>
  <datafield tag="260" ind1=" " ind2=" ">
    <subfield code="a">Warszawa :</subfield>
    <subfield code="b">O&#x15B;rodek Ochrony Zabytkowego Krajobrazu. Narodowa Instytucja Kultury,</subfield>
    <subfield code="c">2000.</subfield>
  </datafield>
  <datafield tag="300" ind1=" " ind2=" ">
    <subfield code="a">[60], 347 s. :</subfield>
    <subfield code="b">il., mapy ;</subfield>
    <subfield code="c">30 cm.</subfield>
  </datafield>
  <datafield tag="490" ind1="1" ind2=" ">
    <subfield code="a">Studia i Materia&#x142;y. Krajobrazy ;</subfield>
    <subfield code="v">29(41)</subfield>
  </datafield>
  <datafield tag="500" ind1=" " ind2=" ">
    <subfield code="a">Tekst cz&#x119;&#x15B;c. ang.</subfield>
  </datafield>
  <datafield tag="504" ind1=" " ind2=" ">
    <subfield code="a">Bibliogr. przy pracach.</subfield>
  </datafield>
  <datafield tag="650" ind1=" " ind2="9">
    <subfield code="a">Architektura krajobrazu</subfield>
  </datafield>
  <datafield tag="655" ind1=" " ind2=" ">
    <subfield code="a">Materia&#x142;y konferencyjne</subfield>
  </datafield>
  <datafield tag="700" ind1="1" ind2=" ">
    <subfield code="a">WOLSKI, Przemys&#x142;aw.</subfield>
    <subfield code="e">Red.</subfield>
  </datafield>
  <datafield tag="710" ind1=" " ind2="0">
    <subfield code="a">Szko&#x142;a G&#x142;&#xF3;wna Gospodarstwa Wiejskiego</subfield>
    <subfield code="b">Wydzia&#x142; Ogrodnictwa i Architektury Krajobrazu</subfield>
  </datafield>
  <datafield tag="830" ind1=" " ind2=" ">
    <subfield code="a">Studia i Materia&#x142;y. Krajobrazy ;</subfield>
  </datafield>
  <datafield tag="020" ind1=" " ind2=" ">
    <subfield code="a">8385548866</subfield>
  </datafield>
  <datafield tag="040" ind1=" " ind2=" ">
    <subfield code="c">BPK</subfield>
  </datafield>
  <datafield tag="041" ind1="1" ind2=" ">
    <subfield code="a">poleng</subfield>
    <subfield code="h">eng</subfield>
  </datafield>
  <datafield tag="080" ind1=" " ind2=" ">
    <subfield code="a">712(061)</subfield>
  </datafield>
  <datafield tag="920" ind1=" " ind2=" ">
    <subfield code="a">83-85548-86-6</subfield>
  </datafield>
  <datafield tag="942" ind1=" " ind2=" ">
    <subfield code="c">KS</subfield>
  </datafield>
  <controlfield tag="008">      s        pl     f     |000 0 pol  </controlfield>
  <datafield tag="999" ind1=" " ind2=" ">
    <subfield code="c">42799</subfield>
    <subfield code="d">42799</subfield>
  </datafield>
  <datafield tag="856" ind1=" " ind2=" ">
    <subfield code="u">http://koha.tu.koszalin.pl/cgi-bin/koha/opac-detail.pl?biblionumber=42799</subfield>
    <subfield code="y">Katalog online BPK</subfield>
  </datafield>
  <datafield tag="952" ind1=" " ind2=" ">
    <subfield code="0">0</subfield>
    <subfield code="1">0</subfield>
    <subfield code="4">0</subfield>
    <subfield code="7">0</subfield>
    <subfield code="a">BPK</subfield>
    <subfield code="b">BPK</subfield>
    <subfield code="c">w</subfield>
    <subfield code="o">67462</subfield>
    <subfield code="p">01914658</subfield>
    <subfield code="y">KS</subfield>
  </datafield>
</record>
